Модель расчета числа настоящих пользователей социальной сети; Информационные технологии в науке, управлении, социальной сфере и медицине; Ч. 1

Dettagli Bibliografici
Parent link:Информационные технологии в науке, управлении, социальной сфере и медицине: сборник научных трудов IV Международной научной конференции, 5-8 декабря 2017 г., Томск/ Национальный исследовательский Томский политехнический университет (ТПУ).— , 2017
Ч. 1.— 2017.— [С. 212-214]
Autore principale: Катасонова А. В.
Riassunto:Заглавие с титульного экрана
The article deals with social networks as a platform for marketing events. The model of calculation of the present users consisting in groups of social network VKontakte is presented. The topic of identifying the main users that are members of the group using the associative rules algorithm is also touched upon.
Lingua:russo
Pubblicazione: 2017
Serie:Информационные технологии и моделирование в экономике
Soggetti:
Accesso online:http://earchive.tpu.ru/handle/11683/46239
Natura: Elettronico Capitolo di libro
KOHA link:https://koha.lib.tpu.ru/cgi-bin/koha/opac-detail.pl?biblionumber=626037

MARC

LEADER 00000naa2a2200000 4500
001 626037
005 20231101133406.0
035 |a (RuTPU)RU\TPU\conf\25333 
035 |a RU\TPU\conf\25332 
090 |a 626037 
100 |a 20180201d2017 k y0rusy50 ca 
101 0 |a rus  |d eng 
102 |a RU 
105 |a y z 101zy 
135 |a drgn ---uucaa 
181 0 |a i  
182 0 |a b 
200 1 |a Модель расчета числа настоящих пользователей социальной сети  |d Model of calculation of number of present users of social network  |f А. В. Катасонова 
203 |a Текст  |c электронный 
225 1 |a Информационные технологии и моделирование в экономике 
230 |a 1 компьютерный файл (pdf; 498 Kb) 
300 |a Заглавие с титульного экрана 
320 |a [Библиогр.: с. 214 (2 назв.)] 
330 |a The article deals with social networks as a platform for marketing events. The model of calculation of the present users consisting in groups of social network VKontakte is presented. The topic of identifying the main users that are members of the group using the associative rules algorithm is also touched upon. 
461 1 |0 (RuTPU)RU\TPU\conf\25267  |t Информационные технологии в науке, управлении, социальной сфере и медицине  |o сборник научных трудов IV Международной научной конференции, 5-8 декабря 2017 г., Томск  |o в 2 ч.  |f Национальный исследовательский Томский политехнический университет (ТПУ)   |d 2017 
463 1 |0 (RuTPU)RU\TPU\conf\25268  |t Ч. 1  |f Национальный исследовательский Томский политехнический университет (ТПУ) ; ред. кол. О. Г. Берестнева ; А. А. Мицель ; Т. А. Гладкова  |v [С. 212-214]  |d 2017 
510 1 |a Model of calculation of number of present users of social network  |z eng 
610 1 |a электронные ресурсы 
610 1 |a социальные сети 
610 1 |a регрессионная модель 
610 1 |a реклама 
610 1 |a ассоциативные правила 
610 1 |a пользователи 
700 1 |a Катасонова  |b А. В. 
801 2 |a RU  |b 63413507  |c 20180321  |g RCR 
856 4 |u http://earchive.tpu.ru/handle/11683/46239 
942 |c BK